|
|
|
|
| LEADER |
01909nam a22003975i 4500 |
| 001 |
978-3-642-31098-0 |
| 003 |
DE-He213 |
| 005 |
20151204165457.0 |
| 007 |
cr nn 008mamaa |
| 008 |
121025s2013 gw | s |||| 0|eng d |
| 020 |
|
|
|a 9783642310980
|9 978-3-642-31098-0
|
| 024 |
7 |
|
|a 10.1007/978-3-642-31098-0
|2 doi
|
| 040 |
|
|
|d GrThAP
|
| 050 |
|
4 |
|a HB615
|
| 072 |
|
7 |
|a KJH
|2 bicssc
|
| 072 |
|
7 |
|a BUS025000
|2 bisacsh
|
| 082 |
0 |
4 |
|a 658.421
|2 23
|
| 100 |
1 |
|
|a Li, Zhineng.
|e author.
|
| 245 |
1 |
0 |
|a Entrepreneurial Alertness
|h [electronic resource] :
|b An Exploratory Study /
|c by Zhineng Li.
|
| 264 |
|
1 |
|a Berlin, Heidelberg :
|b Springer Berlin Heidelberg :
|b Imprint: Springer,
|c 2013.
|
| 300 |
|
|
|a XVI, 148 p.
|b online resource.
|
| 336 |
|
|
|a text
|b txt
|2 rdacontent
|
| 337 |
|
|
|a computer
|b c
|2 rdamedia
|
| 338 |
|
|
|a online resource
|b cr
|2 rdacarrier
|
| 347 |
|
|
|a text file
|b PDF
|2 rda
|
| 520 |
|
|
|a Entrepreneurial alertness plays an important role in the processes of opportunity exploration and exploitation. A central thesis of this dissertation is that opportunity creation requires a certain transformation of an individual entrepreneur's mental schema. A four-dimension structure of the entrepreneurial alertness construct is created, namely juxtaposing, unlearning, prospecting and embellishing. A comprehensive model of entrepreneurial alertness are adopted and tested via structural equation modeling on the basis of survey data from 1080 entrepreneurs in two coastal regions of P. R. China.
|
| 650 |
|
0 |
|a Business.
|
| 650 |
|
0 |
|a Entrepreneurship.
|
| 650 |
1 |
4 |
|a Business and Management.
|
| 650 |
2 |
4 |
|a Entrepreneurship.
|
| 710 |
2 |
|
|a SpringerLink (Online service)
|
| 773 |
0 |
|
|t Springer eBooks
|
| 776 |
0 |
8 |
|i Printed edition:
|z 9783642310973
|
| 856 |
4 |
0 |
|u http://dx.doi.org/10.1007/978-3-642-31098-0
|z Full Text via HEAL-Link
|
| 912 |
|
|
|a ZDB-2-SBE
|
| 950 |
|
|
|a Business and Economics (Springer-11643)
|